| 000 | 00976cam a22003257a 4500 | ||
|---|---|---|---|
| 001 | 002055 | ||
| 003 | armpunfd | ||
| 005 | 20140612090657.0 | ||
| 008 | 061030e0####xx#a##########000#0#und#d | ||
| 040 |
_aarmpunfd _carmpunfd |
||
| 080 | _a343 V 711 | ||
| 100 | 1 | 0 | _a Villada, Jorge Luis |
| 245 | 1 | 0 | _aCurso de derecho penal : parte general |
| 260 |
_a Alta : Virtudes _b2006. Isbn : 987-1237-06-05. 640 P. |
||
| 650 | 7 |
_a Culpa _2LEMB |
|
| 650 | 7 |
_a Delitos _2LEMB |
|
| 650 | 7 |
_a Derecho Penal _2LEMB |
|
| 650 | 7 |
_a Escuelas Penales _2LEMB |
|
| 650 | 7 |
_a Grado De Imputacion Delictiva _2LEMB |
|
| 650 | 7 |
_a Imputabilidad _2LEMB |
|
| 650 | 7 |
_a Mediacion Penal _2LEMB |
|
| 650 | 7 |
_a Medidas De Seguridad _2LEMB |
|
| 650 | 7 |
_a Menores _2LEMB |
|
| 650 | 7 |
_a Penas Accesorias _2LEMB |
|
| 650 | 7 |
_a Punibilidad _2LEMB |
|
| 650 | 7 |
_a Suspension De Juicio A Prueba _2LEMB |
|
| 650 | 7 |
_a Tipicidad _2LEMB |
|
| 942 |
_cLB _2cdu |
||
| 945 |
_aCatalis _d2010-08-19 |
||
| 999 |
_c2046 _d232550 |
||